00319nam a2200121Ia 4500008004100000020001500041041001200056100001400068245006400082260002800146300000800174650001500182221030s9999 xx 000 0 und d a9350146767 aEnglish aP. Prasad 0aUniversal English in the Twenty First Centurycby P. Prasad bKatsonaNew Delhic2019 a257 aBB English